|
|
|
|
| LEADER |
00000nam1a2200000 4500 |
| 001 |
340224 |
| 005 |
20231102005221.0 |
| 035 |
|
|
|a (RuTPU)RU\TPU\book\366922
|
| 090 |
|
|
|a 340224
|
| 100 |
|
|
|a 20180301d m y0rusy50 ca
|
| 101 |
1 |
|
|a rus
|
| 102 |
|
|
|a RU
|
| 200 |
1 |
|
|a Металлургия Штельцеля
|e в 2 вып.
|f К. Штельцель
|g пер. Вредена, Н. И. Тавилдарова
|
| 210 |
|
|
|a Санкт-Петербург
|c Издание Товарищества "Общественная польза"
|d 1870-1871
|
| 700 |
|
1 |
|a Штельцель
|b К.
|c профессор химической технологии и металлургии (Мюнхен,1868)
|c технолог
|f 1826 -1896
|g Карл
|2 stltpush
|3 (RuTPU)RU\TPU\pers\40199
|
| 702 |
|
1 |
|a Вреден
|4 730
|
| 702 |
|
1 |
|a Тавилдаров
|b Н. И.
|c химик-технолог
|c профессор Санкт-Петербургского технологического института
|f 1846-1918
|g Николай Иванович
|2 stltpush
|3 (RuTPU)RU\TPU\pers\40200
|4 730
|9 21276
|
| 801 |
|
1 |
|a RU
|b 63413507
|c 20180301
|
| 801 |
|
2 |
|a RU
|b 63413507
|c 20190325
|g RCR
|
| 942 |
|
|
|c BK
|